|
|
|
|
| LEADER |
00000nab a2200000 a 4500 |
| 001 |
vtls000702241 |
| 003 |
SK-MaSNL |
| 005 |
20260302181818.0 |
| 008 |
160322c1999 xo 0 slo |
| 015 |
|
|
|a SNBRB1999/09-20115
|
| 035 |
|
|
|a CLN000054408
|
| 040 |
|
|
|a SNKBUCL
|b slo
|c SNKBUCL
|e AACR2
|
| 041 |
0 |
|
|a slo
|
| 044 |
|
|
|a xo
|c SK
|
| 080 |
|
|
|a 78.071.2:792.5
|2 UDC-MRF-SK2
|
| 080 |
|
|
|a 792.5
|2 UDC-MRF-SK2
|
| 080 |
|
|
|a 929 Benedik, Jozef
|2 UDC-MRF-SK2
|
| 100 |
1 |
|
|a Soviar, Juraj,
|d 1973-
|4 ain
|9 179562
|
| 245 |
1 |
0 |
|a Nepatril ani do môjho repertoáru
|b volkmenová mládež nevie, kto je Gejza Dusík
|c Juraj Soviar, Jozef Benedik
|
| 300 |
|
|
|b Fotogr.
|
| 600 |
1 |
7 |
|a Benedik, Jozef,
|d 1951-
|2 snkbucl
|9 107964
|
| 655 |
|
7 |
|a články z novín a časopisov
|2 snkbucl
|9 267496
|
| 700 |
1 |
|
|a Benedik, Jozef,
|d 1951-
|4 aut
|4 uin
|9 107964
|
| 773 |
0 |
|
|x 0139-6323
|t Život
|g Roč. 49, č. 3 (1999), s. 31
|
| 850 |
|
|
|a Slovenská národná knižnica v Martine
|
| 852 |
|
|
|a SNK
|b KIS3GCP
|
| 958 |
|
|
|a SK
|
| 958 |
|
|
|a BX
|
| 958 |
|
|
|a RBX
|
| 999 |
|
|
|c 1415607
|d 1417537
|